00512 2200193 4500001002100000005001500021008004100036020002200077035001900099041000700118082001100125090001700136100002000153245005500173260003200228300003000260500001100290650001700301INLIS00000000000147520241224112345241224||||||||| | ||| |||| || |  a978-979-465-600-6 0010-1224001475 aid0 a616.92 a616.92 ANN w0 aAnno D. Sanjari00aWaspadai DBD Demam Berdarah Dengue dan Chikungunya aBandungbEpsilon Grupc2008 avi, 88 hlm.; ilus.: 21 cm aCet. 1 0aIlmu Terapan